000 00887nam a22002057a 4500
999 _c2807
_d2807
003 AR-CdUCM
008 190305b ||||| |||| 00| 0 spa d
040 _aMUNICIPALIDAD PROVINCIAL DEL CUSCO
_cBIBLIOTECA MUNICIPAL DEL CUSCO
082 _a378.1 /
_bH37
100 _aHely, A.S.M
_99775
245 _aNuevas tendencias de la educación de adultos /
260 _aParis :
_bUnesco,
_c1963.
300 _a150 paginas ;
_c21 cm.
505 _aContenido :La naturaleza y el alcance de la educación de adultos -- El cambio en los países industrialmente desarrollados --Montreal: objetivos de la educación de adultos -- Formas y métodos de la educación de adultos -- De la educación continuada a la educación continua ...
650 _aEducación en el Perú
_99776
650 _aLeyes educativas
_99777
650 _aAdultos educadores
_99778
942 _2ddc
_cLIBROS
945 _arum